Interactions between non-pathogenic soil microorganisms and plants / (Record no. 12256)
[ view plain ]
| 000 -LEADER | |
|---|---|
| fixed length control field | 00585cam a2200181 i 4500 |
| 020 ## - INTERNATIONAL STANDARD BOOK NUMBER | |
| ISBN | 0444416382 : |
| 040 ## - CATALOGING SOURCE | |
| Transcribing agency | DLC |
| 082 00 - DEWEY DECIMAL CLASSIFICATION NUMBER | |
| Classification number | 576 ELS 1978 A033 Or. |
| 245 00 - TITLE STATEMENT | |
| Title | Interactions between non-pathogenic soil microorganisms and plants / |
| 260 ## - PUBLICATION, DISTRIBUTION, ETC. (IMPRINT) | |
| Place of publication | Amsterdam ; |
| -- | New York : |
| Name of publisher | Elsevier Scientific Pub. Co. ; |
| Place of publication | New York : |
| Name of publisher | Elsevier North-Holland, |
| Year of publication | 1978. |
| 300 ## - PHYSICAL DESCRIPTION | |
| Number of Pages | 475 p. : |
| Other physical details | ill. ; |
| Dimensions | 25 cm. |
| 650 #0 - SUBJECT ADDED ENTRY--TOPICAL TERM | |
| Topical Term | Soil microbial ecology. |
| 650 #0 - SUBJECT ADDED ENTRY--TOPICAL TERM | |
| Topical Term | Roots (Botany) |
| 650 #0 - SUBJECT ADDED ENTRY--TOPICAL TERM | |
| Topical Term | Plant-microbe relationships. |
| 700 1# - ADDED ENTRY--PERSONAL NAME | |
| Personal name | Dommergues, Y. R. |
| 700 1# - ADDED ENTRY--PERSONAL NAME | |
| Personal name | Krupa, Sagar V. |
| 942 ## - ADDED ENTRY ELEMENTS (KOHA) | |
| Koha item type | សៀវភៅភាសាអង់គ្លេស |
| 952 ## - LOCATION AND ITEM INFORMATION (KOHA) | |
| Withdrawn status [LOCAL, KOHA] | 0 |
| Permanent Location | Date acquired | Koha item type | Lost status | Shelving location | Barcode | Current Location | Full call number |
|---|---|---|---|---|---|---|---|
| Library Block A | 2017-08-11 | សៀវភៅភាសាអង់គ្លេស | A033 | A21806 | Library Block A | 576 ELS 1978 A033 Or. |